000 00709nam a2200277Ia 4500
005 20260324113737.0
008 008 260324s9999 xx 000 0 eng d
020 _a9781003343981
037 _aEBOOK
040 _aCRL
040 _beng
040 _cCRL
041 _2eng
041 _aeng
084 _qCRL
100 _aMullaicharam Bhupathyraaj; K. Reeta Vijaya Rani; Musthafa Mohamed Essa
_91147998
245 0 _aArtificial intelligence in Pharmaceutical Sciences
260 _bTaylor and Francis
260 _c2023
365 _a
365 _b210
856 _uhttp://www.taylorfrancis.com/books/9781003343981
942 _cEBOOK
999 _c1737812
_d1737812